Digits of pi 1001~1200 - Statistics

General Stats
  • This quiz has been taken 67 times
  • The average score is 57 of 200
Answer Stats
% Correct
3
100%
8
67%
0
56%
0
44%
1
44%
1
44%
1
44%
1
44%
1
44%
1
44%
1
44%
1
44%
1
44%
1
44%
1
44%
1
44%
1
44%
2
44%
2
44%
5
44%
5
44%
7
44%
9
44%
0
33%
0
33%
0
33%
0
33%
0
33%
0
33%
1
33%
1
33%
1
33%
1
33%
1
33%
1
33%
1
33%
2
33%
2
33%
2
33%
2
33%
3
33%
3
33%
3
33%
3
33%
3
33%
3
33%
3
33%
4
33%
5
33%
5
33%
5
33%
5
33%
5
33%
5
33%
5
33%
5
33%
5
33%
5
33%
6
33%
6
33%
6
33%
6
33%
6
33%
7
33%
7
33%
8
33%
8
33%
8
33%
8
33%
8
33%
8
33%
8
33%
9
33%
9
33%
9
33%
9
33%
9
33%
9
33%
0
22%
0
22%
0
22%
0
22%
0
22%
0
22%
0
22%
0
22%
0
22%
0
22%
0
22%
1
22%
2
22%
2
22%
2
22%
2
22%
2
22%
2
22%
2
22%
2
22%
2
22%
2
22%
2
22%
2
22%
2
22%
2
22%
3
22%
3
22%
3
22%
3
22%
3
22%
3
22%
3
22%
3
22%
3
22%
3
22%
3
22%
3
22%
4
22%
4
22%
4
22%
4
22%
4
22%
4
22%
4
22%
4
22%
4
22%
4
22%
4
22%
4
22%
4
22%
5
22%
5
22%
5
22%
5
22%
5
22%
5
22%
5
22%
5
22%
5
22%
5
22%
5
22%
5
22%
5
22%
5
22%
5
22%
6
22%
6
22%
6
22%
6
22%
6
22%
6
22%
6
22%
6
22%
6
22%
7
22%
7
22%
7
22%
7
22%
7
22%
7
22%
7
22%
7
22%
7
22%
7
22%
7
22%
7
22%
7
22%
7
22%
7
22%
7
22%
8
22%
8
22%
8
22%
8
22%
8
22%
8
22%
8
22%
8
22%
8
22%
8
22%
8
22%
8
22%
8
22%
8
22%
8
22%
9
22%
9
22%
9
22%
9
22%
9
22%
9
22%
9
22%
9
22%
9
22%
9
22%
9
22%
9
22%
9
22%
9
22%
9
22%
9
22%
No matching quizzes found
Score Distribution
Percent of People with Each Score
Percentile by Number Answered
Your Score History
You have not taken this quiz